Logo BPK

Biblioteka

Politechniki Koszalińskiej

Die Französische Revolution : (Rekord nr 54645)

Szczegóły MARC
000 -ETYKIETA REKORDU
podpole kontrolne o stałej długości 01080nam a2200301 i 4500
001 - NUMER KONTROLNY REKORDU
pole kontrolne bg
020 ## - MIĘDZYNARODOWY ZNORMALIZOWANY NUMER KSIĄŻKI - ISBN
ISBN 3618667205
020 ## - MIĘDZYNARODOWY ZNORMALIZOWANY NUMER KSIĄŻKI - ISBN
ISBN 3618667256
040 ## - ŹRÓDŁO KATALOGOWANIA
Instytucja, która utworzyła rekord BPK
041 0# - KOD JĘZYKA
Kod języka tekstu ger
044 ## - KOD KRAJU WYDAWCY/PRODUCENTA
Kod kraju wydawcy/producenta DEU
080 ## - UNIWERSALNA KLASYFIKACJA DZIESIĘTNA - UKD
UKD 94(44):323.27:316.423
920 ## - Międzynarodowy znormalizowany numer książki – ISBN
ISBN 3-618-66720-5
920 ## - Międzynarodowy znormalizowany numer książki – ISBN
ISBN 3-618-66725-6
008 - POLE O STAŁEJ DŁUGOŚCI - DANE KONTROLNE
podpole kontrolne o stałej długości s pl f |000 0 pol
245 10 - TYTUŁ/ODPOWIEDZIALNOŚĆ
Tytuł Die Französische Revolution :
Ciąg dalszy tytułu Berichte und Deutungen deutscher Schriftsteller und Historiker /
Pozostałe elementy strefy tytułu i oznaczenia odpowiedzialności hrsg. von Horst Günther.
260 ## - STREFA ADRESU WYDAWNICZEGO
Miejsce wydania Frankfurt am Main :
Nazwa wydawcy/dystrybutora Deutscher Klassiker Verlag,
Data publikacji, dystrybucji/powstania dokumentu 1985.
300 ## - STREFA OPISU FIZYCZNEGO
Objętość 1530, [6] s. ;
Rozmiary 19 cm.
490 ## - STREFA SERII I DOKUMENTU WIELOCZĘŚCIOWEGO - FORMA NIE DO WYSZUKIWANIA
Tytuł i oznaczenie odpowiedzialności serii Bibliothek der Geschichte und Politik / hrsg. von Reinhart Koselleck und Horst Günther
-- Bibliothek deutscher Klassiker ;
Numeracja w obrębie serii Bd. 12
-- 4
504 ## - UWAGA DOTYCZĄCA BIBLIOGRAFII
Informacje o bibliografii Indeks.
650 #9 - HASŁO PRZEDMIOTOWE W FORMIE NAZWY OGÓLNEJ LUB JEDNOSTKOWEJ
Nazwa ogólna lub geograficzna Rewolucja 1789 r. francuska
651 #9 - HASŁO PRZEDMIOTOWE W FORMIE NAZWY GEOGRAFICZNEJ
Nazwa geograficzna Francja
Określnik chronologiczny 18 w.
700 1# - HASŁO DODATKOWE - NAZWA OSOBOWA
Nazwa osobowa Günther, Horst
Daty związane z nazwą (1945- ).
Określenie związku między hasłem a opisywanym materiałem Red.
700 1# - HASŁO DODATKOWE - NAZWA OSOBOWA
Nazwa osobowa Koselleck, Reinhart
Daty związane z nazwą (1923- ).
Określenie związku między hasłem a opisywanym materiałem Red.
830 ## - HASŁO DODATKOWE SERII LUB DOKUMENTU WIELOCZĘŚCIOWEGO - TYTUŁ UJEDNOLICONY
Tytuł ujednolicony Bibliothek deutscher Klassiker ;
856 ## - LOKALIZACJA I DOSTĘP DO ELEKTRONICZNYCH DOKUMENTÓW ZDALNYCH
Link (URL) http://koha.tu.koszalin.pl/cgi-bin/koha/opac-detail.pl?biblionumber=54645
Tekst linku Katalog online BPK
942 ## - DODATKOWE ELEMENTY (KOHA)
Typ dokumentu Książka
Egzemplarze
Wycofany Status egzemplarza Uszkodzony Dostępność Lokalizacja stała Lokalizacja bieżąca Miejsce przechowywania Sygnatura Kod kreskowy Ostatnio wypożyczono Dział Typ dokumentu
      Tylko na miejscu Biblioteka Politechniki Koszalińskiej Biblioteka Politechniki Koszalińskiej Czytelnia Wydziałowa ul. Kwiatkowskiego 6e 86481 02419008 25.02.2013 93/94=112.2 Historia (język niemiecki) Książka
© 2023 Biblioteka Politechniki Koszalińskiej :: KOHA